| 000 | 01340nam a2200325 a 4500 | ||
|---|---|---|---|
| 001 | ebr5004010 | ||
| 003 | CaPaEBR | ||
| 006 | m u | ||
| 007 | cr cn||||||||| | ||
| 008 | 990729s1999 enka sbf 001 0 eng | ||
| 010 | _z 99041636 | ||
| 020 | _z1853028010 (alk. paper) | ||
| 040 |
_aCaPaEBR _cCaPaEBR |
||
| 035 | _a(OCoLC)228040050 | ||
| 050 | 1 | 4 |
_aHV875 _b.A68 1999eb |
| 082 | 0 | 4 |
_a649/.145 _221 |
| 100 | 1 |
_aArcher, Caroline, _d1948- |
|
| 245 | 1 | 0 |
_aFirst steps in parenting the child who hurts _h[electronic resource] : _btiddlers and toddlers / _cCaroline Archer, Adoption UK. |
| 250 | _a2nd ed. | ||
| 260 |
_aLondon ; _aPhiladelphia, Pa. : _bJessica Kingsley Publishers, _c1999. |
||
| 300 |
_a128 p. : _bill. |
||
| 504 | _aIncludes bibliographical references (p. 123-124) and index. | ||
| 533 |
_aElectronic reproduction. _bPalo Alto, Calif. : _cebrary, _d2013. _nAvailable via World Wide Web. _nAccess may be limited to ebrary affiliated libraries. |
||
| 650 | 0 |
_aAdoptive parents _vHandbooks, manuals, etc. |
|
| 650 | 0 |
_aToddlers _xCare _vHandbooks, manuals, etc. |
|
| 650 | 0 |
_aParenting _vHandbooks, manuals, etc. |
|
| 655 | 7 |
_aElectronic books. _2local |
|
| 710 | 2 | _aebrary, Inc. | |
| 856 | 4 | 0 |
_uhttp://site.ebrary.com/lib/rucke/Doc?id=5004010 _zAn electronic book accessible through the World Wide Web; click to view |
| 999 |
_c695 _d695 |
||